Normal view
MARC view
Entry Topical Term
001 - CONTROL NUMBER
- control field: 17981
003 - CONTROL NUMBER IDENTIFIER
- control field: OSt
005 - DATE AND TIME OF LATEST TRANSACTION
- control field: 20211105134232.0
008 - FIXED-LENGTH DATA ELEMENTS
- fixed length control field: 211105|| aca||aabn | a|a d
040 ## - CATALOGING SOURCE
- Original cataloging agency: OSt
- Transcribing agency: OSt
150 ## - HEADING--TOPICAL TERM
- Topical term or geographic name entry element: Planetary Nebuale-Catalogue
670 ## - SOURCE DATA FOUND
- Source citation: Work cat.: (OSt): Acker, Agnes 17980, Strasbourg-ESO catalogue of galactic planetary nebulae, 1992